000 00307nam a22001337a 4500
008 180807b xxu||||| |||| 00| 0 eng d
020 _a0471045233
041 _aeng
080 _22nd
_a610.73
100 _a1
101 _aINF
245 _aStrategies for Teaching Nursing
_cTornyay,R.D
942 _2udc
_cBK
999 _c46944
_d46944